Statistics for Diary of a Wimpy Kid Books

Click here to take the quiz!

General Stats

  • This quiz has been taken 34 times
  • The average score is 13 of 22

Answer Stats

HintAnswer% Correct
Greg HeffleyRodrick Rules
100%
Greg HeffleyDog Days
96%
Greg HeffleyDiary of a Wimpy Kid
93%
Greg HeffleyThe Last Straw
85%
Greg HeffleyCabin Fever
81%
Greg HeffleyThe Long Haul
81%
Greg HeffleyThe Third Wheel
81%
Greg HeffleyThe Ugly Truth
81%
Greg HeffleyHard Luck
78%
Greg HeffleyOld School
74%
Greg HeffleyThe Getaway
70%
Greg HeffleyDouble Down
63%
Greg HeffleyThe Deep End
63%
Greg HeffleyThe Meltdown
63%
Greg HeffleyWrecking Ball
63%
Greg HeffleyBig Shot
52%
Rowley JeffersonDiary of an Awesome Friendly Kid
22%
Rowley JeffersonRowley Jefferson's Awesome Friendly Adventure
11%
Rowley JeffersonRowley Jefferson's Awesome Friendly Spooky Stories
7%
Greg HeffleyThe Wimpy Kid Movie Diary
7%
Greg HeffleyThe Wimpy Kid Do It Yourself Book
4%
Greg HeffleyThe Wimpy Kid Movie Diary: The Next Chapter
4%

Score Distribution

Percentile by Number Answered

Percent of People with Each Score

Your Score History

You have not taken this quiz